000 00728nam a22001817a 4500
005 20251104152215.0
008 251031b |||||||| |||| 00| 0 eng d
020 _a(hbk)
040 _cUE-CL
082 _a891.4394
_bAr42
100 _aArif-ur-Rehman (عارف الرحمن)
245 _aGuldasta-e-Hikayat (گلدستہ حکایات)
_c/ Arif-ur-Rehman (عارف الرحمن)
260 _aLahore (لاہور) :
_bIdara-e-Matboat-e-Sulemani (ادارہ مطبوعات سلیمانی)،
_c2025.
300 _a634 p.
505 _aفہرست باب اول : حکایات سعدی باب دوم : حکایات رومی باب سوم : تلقین غزالی
650 _aUrdu Literature (اردو ادب)
942 _cBK
999 _c24634
_d24633